000 00517nam a2200193 a 4500
001 1773825107388
003 YourLibrary
005 20260318144535.0
008 260318s2004##################000#0#eng##
020 _a9780763728083
082 0 4 _a362.1807959JON
100 1 _aHohl, Michael,
_eauthor.
245 1 0 _aFlorida Regional Common EMS Protocols :
260 _bJones & Bartlett Learning,
_c2004.
300 _a580 pages
650 0 _aMedical.
942 _cENGLISH
040 _aYourLibrary
_beng
_cYourLibrary
999 _c617863
_d617863